[Event "Linares"]
[Site "Linares"]
[Date "1989.??.??"]
[Round "?"]
[White "Timman, Jan H"]
[Black "Hjartarson, Johann"]
[Result "1-0"]
[WhiteElo "2610"]
[BlackElo "2615"]

1.e4 c5 2.Nf3 d6 3.d4 cxd4 4.Nxd4 Nf6 5.Nc3 a6 6.Bg5 e6 7.f4 Qb6 8.Qd2 Qxb2
9.Rb1 Qa3 10.f5 Nc6 11.fxe6 fxe6 12.Nxc6 bxc6 13.e5 dxe5 14.Bxf6 gxf6 15.Ne4 Be7
16.Be2 h5 17.Rb3 Qa4 18.Nxf6+ Bxf6 19.c4 Ra7 20.O-O Rd7 21.Qe3 Qxa2 22.Rxf6 Qa1+
23.Bf1 Qd4 24.Rxe6+ Kd8 25.Rxc6 Rf8 26.Qxd4 Rxd4 27.Be2 h4 28.Rb8 Kd7 29.Rc5 Re4
30.Bf3 Ref4 31.h3 e4 32.Bg4+ Rxg4 33.hxg4 e3 34.Re5 Rf4 35.c5 Rxg4 36.Rb6 Rc4
37.Rb3 Rc1+ 38.Kh2 Kc6 39.Rbxe3 Rc2 40.Re2 Rxe2 41.Rxe2 Bd7 42.Rd2 a5 43.Rd6+ Kc7
44.Ra6  1-0

[Event "Linares"]
[Site "Linares"]
[Date "1989.??.??"]
[Round "?"]
[White "Sokolov, Andrei"]
[Black "Beliavsky, Alexander G"]
[Result "1/2-1/2"]
[WhiteElo "2605"]
[BlackElo "2640"]

1.e4 e5 2.Nf3 Nc6 3.Bb5 a6 4.Ba4 Nf6 5.O-O Be7 6.Re1 b5 7.Bb3 d6 8.c3 O-O
9.h3 Nb8 10.d4 Nbd7 11.Nbd2 Bb7 12.Bc2 Re8 13.a4 c5 14.d5 c4 15.b4 cxb3 16.Nxb3 Qc7
17.Bd2 Nb6 18.Na5 Nxa4 19.Bxa4 Qxa5 20.c4 Qc7 21.cxb5 axb5 22.Bxb5 Rxa1 23.Qxa1 Ra8
24.Qb1 Rb8 25.Qd3  1/2-1/2